Statistics for Moldova First Level Subdivisions

Click here to take the quiz!

General Stats

  • This quiz has been taken 207 times
  • The average score is 16 of 37

Answer Stats

Raioane% Correct
Chișinău
96%
Transnistria
79%
Bălți
77%
Gagauzia
73%
Călărași
55%
Orhei
55%
Bender
50%
Cahul
48%
Ungheni
46%
Soroca
43%
Briceni
41%
Cantemir
41%
Basarabeasca
39%
Edineț
39%
Leova
39%
Nisporeni
39%
Ștefan Vodă
39%
Criuleni
38%
Drochia
38%
Florești
38%
Hîncești
38%
Ialoveni
38%
Strășeni
38%
Anenii Noi
36%
Cimișlia
36%
Dubăsari
36%
Fălești
36%
Glodeni
34%
Telenești
34%
Ocnița
32%
Rezina
32%
Rîșcani
32%
Taraclia
32%
Căușeni
30%
Dondușeni
30%
Șoldănești
30%
Sîngerei
29%

Score Distribution

Percentile by Number Answered

Percent of People with Each Score

Your Score History

You have not taken this quiz